[Event "Petroupoli ASOP Dias Seniors op"]
[Site "Petroupoli"]
[Date "2014.04.26"]
[Round "6.3"]
[White "Diamandis, Phoebus Apollo"]
[Black "Bellos, Vasilios"]
[Result "0-1"]
[WhiteElo "1510"]
[BlackElo "1518"]
[PlyCount "52"]
[EventDate "2014.03.22"]
[EventType "swiss"]
[EventRounds "7"]
[EventCountry "GRE"]
[SourceTitle "EXT 2024"]
[Source "ChessBase"]
[SourceDate "2023.10.10"]
[SourceVersion "1"]
[SourceVersionDate "2023.10.10"]
[SourceQuality "1"]

1. e4 c5 2. c3 d5 3. exd5 Qxd5 4. d4 cxd4 5. cxd4 Nf6 6. Nc3 Qd8 7. Nf3 e6 8. Bd3 Nc6 9. 0-0 Be7 10. Bf4 0-0 11. Rc1 Nb4 12. Nb5 Nfd5 13. Nc7 Nxf4 14. Nxa8 Bd6 15. Rc2 Bd7 16. Ne5 Bxe5 17. dxe5 Nfd5 18. Rd2 Nxd3 19. Rxd3 Bb5 20. Rxd5 exd5 21. Re1 Qxa8 22. Qxd5 Bc6 23. Qb3 Qe8 24. e6 fxe6 25. Rxe6 Qf7 26. Re7 Qxb3 0-1

[Event "Petroupoli ASOP Dias Seniors op"]
[Site "Petroupoli"]
[Date "2014.04.05"]
[Round "3.7"]
[White "Kazalis, Manos"]
[Black "Diamandis, Phoebus Apollo"]
[Result "1/2-1/2"]
[WhiteElo "1479"]
[BlackElo "1510"]
[PlyCount "143"]
[EventDate "2014.03.22"]
[EventType "swiss"]
[EventRounds "7"]
[EventCountry "GRE"]
[SourceTitle "EXT 2024"]
[Source "ChessBase"]
[SourceDate "2023.10.10"]
[SourceVersion "1"]
[SourceVersionDate "2023.10.10"]
[SourceQuality "1"]

1. e4 e5 2. Nf3 d6 3. Bc4 Be7 4. h3 Nf6 5. d3 0-0 6. Nc3 c6 7. 0-0 Nbd7 8. Kh1 b5 9. Bb3 Nc5 10. Be3 Nxb3 11. axb3 a6 12. d4 exd4 13. Nxd4 Bb7 14. Nf5 g6 15. Nxe7+ Qxe7 16. Bg5 Qe6 17. Qd4 Nh5 18. Rae1 c5 19. Qd3 f6 20. Bh6 Rfe8 21. Nd5 Bxd5 22. exd5 Qf7 23. c4 b4 24. Rxe8+ Rxe8 25. Be3 f5 26. Ra1 f4 27. Bd2 Ra8 28. Re1 Ng7 29. Re4 Nh5 30. Qf3 Re8 31. Rxe8+ Qxe8 32. Bxf4 Qe1+ 33. Kh2 Nxf4 34. Qxf4 Qe7 35. Qe3 Qf6 36. f4 Kf7 37. Qf2 Kf8 38. g4 h5 39. Kg3 Kf7 40. Qe2 h4+ 41. Kf3 g5 42. Qe6+ Qxe6 43. dxe6+ Kxe6 44. fxg5 Ke5 45. Ke3 a5 46. Kf3 d5 47. cxd5 Kxd5 48. g6 Ke6 49. g5 c4 50. bxc4 a4 51. c5 a3 52. c6 axb2 53. c7 Kd7 54. g7 b1Q 55. c8Q+ Kxc8 56. g8Q+ Kd7 57. Qf7+ Kd8 58. g6 Qf1+ 59. Ke4 Qxf7 60. gxf7 Ke7 61. Kd4 Kxf7 62. Kc4 Kf6 63. Kxb4 Kf5 64. Kc4 Kf4 65. Kd3 Kg3 66. Ke3 Kg2 67. Kf4 Kxh3 68. Kf3 Kh2 69. Kf2 h3 70. Kf1 Kg3 71. Kg1 h2+ 72. Kh1 1/2-1/2

[Event "Petroupoli ASOP Dias Seniors op"]
[Site "Petroupoli"]
[Date "2013.03.30"]
[Round "1.9"]
[White "Gkikas, Ioannis"]
[Black "Diamandis, Phoebus Apollo"]
[Result "0-1"]
[WhiteElo "1215"]
[BlackElo "1582"]
[PlyCount "84"]
[EventDate "2013.03.30"]
[EventType "swiss"]
[EventRounds "7"]
[EventCountry "GRE"]
[SourceTitle "EXT 2024"]
[Source "ChessBase"]
[SourceDate "2023.10.10"]
[SourceVersion "1"]
[SourceVersionDate "2023.10.10"]
[SourceQuality "1"]

1. e4 e5 2. Nf3 d6 3. Nc3 Nf6 4. Bc4 Be7 5. 0-0 0-0 6. d3 Nbd7 7. Re1 c6 8. d4 exd4 9. Nxd4 Nxe4 10. Rxe4 d5 11. Bxd5 cxd5 12. Nxd5 Bc5 13. Nf3 Nb6 14. Nc3 Qxd1+ 15. Nxd1 Bf5 16. Re5 Bxc2 17. Rxc5 Bxd1 18. Rc3 Rfe8 19. Bd2 Bxf3 20. Rxf3 Re2 21. Bc3 Rae8 22. Rg3 g6 23. Rd3 Na4 24. Re3 R8xe3 25. fxe3 Nxc3 26. bxc3 Rxe3 27. Rc1 Re2 28. Rb1 b6 29. a4 Ra2 30. Rb4 Rc2 31. c4 a5 32. Rxb6 Rxc4 33. Kf2 Rxa4 34. Rb8+ Kg7 35. Ke3 Ra1 36. Ra8 a4 37. Ke2 a3 38. h4 a2 39. g4 Rg1 40. h5 gxh5 41. gxh5 a1Q 42. Rxa1 Rxa1 0-1

[Event "Petroupoli ASOP Dias Seniors op"]
[Site "Petroupoli"]
[Date "2013.01.26"]
[Round "2.8"]
[White "Karounis, Ioannis"]
[Black "Diamandis, Phoebus Apollo"]
[Result "0-1"]
[WhiteElo "1352"]
[BlackElo "1583"]
[PlyCount "40"]
[EventDate "2013.01.19"]
[EventType "swiss"]
[EventRounds "7"]
[EventCountry "GRE"]
[SourceTitle "EXT 2024"]
[Source "ChessBase"]
[SourceDate "2023.10.10"]
[SourceVersion "1"]
[SourceVersionDate "2023.10.10"]
[SourceQuality "1"]

1. e4 e5 2. Nf3 d6 3. Bc4 Be7 4. Nc3 Nf6 5. d3 Nbd7 6. Bg5 c6 7. Qd2 0-0 8. d4 exd4 9. Nxd4 Nxe4 10. Bxf7+ Rxf7 11. Nxe4 d5 12. Ne6 Bxg5 13. Nxd8 Bxd2+ 14. Nxd2 Re7+ 15. Kd1 Re8 16. Nxc6 bxc6 17. c3 Nf6 18. Nf3 Bg4 19. Kc2 Bxf3 20. gxf3 Re2+ 0-1

[Event "Fyli op 4th"]
[Site "Fyli"]
[Date "2012.05.19"]
[Round "6"]
[White "Abelakiotis, Stavros"]
[Black "Diamandis, Phoebus Apollo"]
[Result "1/2-1/2"]
[WhiteElo "1000"]
[BlackElo "1559"]
[PlyCount "142"]
[EventDate "2012.03.24"]
[EventType "swiss"]
[EventRounds "7"]
[EventCountry "GRE"]
[SourceTitle "EXT 2013"]
[Source "ChessBase"]
[SourceDate "2012.11.22"]
[SourceVersion "1"]
[SourceVersionDate "2012.11.22"]
[SourceQuality "1"]

1. e4 e5 2. Nf3 Nc6 3. Bc4 Be7 4. d4 exd4 5. Nxd4 Nf6 6. Nc3 0-0 7. 0-0 Re8 8. Bg5 Ne5 9. Bb3 Nxe4 10. Bxe7 Rxe7 11. Nxe4 d5 12. Ng3 c6 13. Re1 Qc7 14. h3 a6 15. Nf3 f6 16. Nxe5 fxe5 17. c4 Be6 18. cxd5 Rd8 19. Qf3 Bxd5 20. Bxd5+ cxd5 21. Rad1 e4 22. Qb3 Rde8 23. Rc1 Qf4 24. Qe3 Qe5 25. Nf1 Qxb2 26. a3 Rf8 27. f3 Ref7 28. Re2 Qf6 29. fxe4 dxe4 30. Qxe4 Qb6+ 31. Qe3 Qg6 32. Qe4 Qb6+ 33. Ne3 Rf4 34. Qd5+ Kh8 35. Kh2 Rd8 36. Rb2 Qf6 37. Qb3 Qe5 38. Kh1 Re4 39. Rd2 Re8 40. Re1 Qg3 41. Rde2 h5 42. Qxb7 Rxe3 43. Rxe3 Qxe3 44. Rd1 Qxa3 45. Qf7 Qf8 46. Qxh5+ Kg8 47. Ra1 Re7 48. Qd5+ Qf7 49. Qxf7+ Rxf7 50. Rxa6 Kh7 51. Kh2 Rc7 52. g4 Rc3 53. h4 Rd3 54. h5 Rc3 55. g5 Rc5 56. Rg6 Rc3 57. Re6 Rd3 58. Re7 Rd5 59. g6+ Kh6 60. Re6 Rxh5+ 61. Kg3 Rg5+ 62. Kf4 Rxg6 63. Re5 Rf6+ 64. Kg4 Kg6 65. Rg5+ Kf7 66. Re5 g6 67. Rd5 Ke6 68. Kg5 Rf5+ 69. Rxf5 gxf5 70. Kf4 Kf6 71. Kf3 Ke5 1/2-1/2

[Event "Fyli op 4th"]
[Site "Fyli"]
[Date "2012.05.12"]
[Round "5"]
[White "Diamandis, Phoebus Apollo"]
[Black "Hasalevris, Dionisios"]
[Result "1-0"]
[WhiteElo "1559"]
[BlackElo "1490"]
[PlyCount "32"]
[EventDate "2012.03.24"]
[EventType "swiss"]
[EventRounds "7"]
[EventCountry "GRE"]
[SourceTitle "EXT 2013"]
[Source "ChessBase"]
[SourceDate "2012.11.22"]
[SourceVersion "1"]
[SourceVersionDate "2012.11.22"]
[SourceQuality "1"]

1. e4 e5 2. Nf3 Nc6 3. Bb5 Nf6 4. 0-0 d6 5. Re1 Bg4 6. c3 a6 7. Ba4 b5 8. Bc2 Be7 9. d3 0-0 10. Nbd2 Nd7 11. Nf1 f5 12. h3 Bh5 13. exf5 b4 14. Bb3+ Kh8 15. Ng3 Bxf3 16. Qxf3 Na7 1-0

[Event "Attica-ch U16"]
[Site "Peristeri"]
[Date "2012.04.17"]
[Round "1"]
[White "Poulopoulos, Ioannis"]
[Black "Diamandis, Phoebus Apollo"]
[Result "1-0"]
[WhiteElo "1981"]
[BlackElo "1559"]
[PlyCount "97"]
[EventDate "2012.04.17"]
[EventType "swiss"]
[EventRounds "7"]
[EventCountry "GRE"]
[SourceTitle "EXT 2024"]
[Source "ChessBase"]
[SourceDate "2023.10.10"]
[SourceVersion "1"]
[SourceVersionDate "2023.10.10"]
[SourceQuality "1"]

1. e4 e5 2. Nf3 d6 3. d4 exd4 4. Nxd4 Be7 5. Nc3 Nf6 6. Be2 0-0 7. 0-0 Bd7 8. f4 Nc6 9. Be3 Re8 10. Qd2 Bf8 11. Bf3 Nxd4 12. Bxd4 c5 13. Bf2 Bg4 14. Rae1 Bxf3 15. gxf3 Qd7 16. Nd5 Nxd5 17. Qxd5 Rad8 18. Bg3 Qc6 19. Rd1 Rd7 20. Rd2 Qxd5 21. Rxd5 Red8 22. Rfd1 f6 23. f5 Kf7 24. Kf1 Be7 25. Ke2 b5 26. a4 bxa4 27. Kd3 Rb8 28. Kc3 Rdb7 29. Bxd6 Bxd6 30. Rxd6 Rxb2 31. Rd7+ Kf8 32. Rxa7 Ra2 33. Rdd7 Ra3+ 34. Kc4 Rxf3 35. Rf7+ Kg8 36. Rxg7+ Kh8 37. Rxh7+ Kg8 38. Rhg7+ Kh8 39. Rg3 Rf4 40. Rh3+ Kg8 41. Rah7 Rxe4+ 42. Kd3 Rd4+ 43. Kc3 Rf8 44. Ra7 Rf7 45. Rg3+ Kf8 46. Ra8+ Ke7 47. Re3+ Kd6 48. Re6+ Kc7 49. Ra7+ 1-0